Statistics for National Sports of Countries

Click here to take the quiz!

General Stats

  • This quiz has been taken 363 times
  • The average score is 15 of 25

Answer Stats

CountrySport% Correct
AlbaniaFootball
98%
BrazilFootball
98%
ArgentinaFootball
98%
FranceFootball
98%
VietnamFootball
98%
AustraliaCricket
87%
BangladeshCricket
87%
TaiwanBaseball
79%
CubaBaseball
79%
FijiRugby
78%
New ZealandRugby
78%
LithuaniaBasketball
74%
PakistanHockey
72%
IndiaHockey
72%
CanadaIce Hockey
59%
NorwaySkiing
52%
ChinaTable tennis
48%
GambiaWrestling
41%
BhutanArchery
29%
KazakhstanBoxing
29%
JapanSumo wrestling
25%
BelgiumCycling
19%
UAECamel Racing
9%
SwitzerlandSchwingen
4%
IcelandGlima
3%

Score Distribution

Percentile by Number Answered

Percent of People with Each Score

Your Score History

You have not taken this quiz